Pengurusan kewangan : panduan untuk pengurus-pengurus sektor awam

Bibliographic Details
Format: Book
Published: Kuala Lumpur : Institut Tadbiran Awam Negara , 2003
Subjects:

MARC

LEADER 00000cam a2200000 7i4500
001 0000003210
005 20050315.0
020 0 0 |a 9679933997 
090 0 0 |a 352.409595   |b PEN 
245 0 0 |a Pengurusan kewangan :   |b panduan untuk pengurus-pengurus sektor awam 
260 0 0 |a Kuala Lumpur :   |b Institut Tadbiran Awam Negara ,   |c 2003 
300 |a xi, 87ms. :   |b il. ;   |c 20cm. 
650 0 0 |a Finance, Public   |z Malaysia \x Handbooks, manuals, etc. 
650 0 0 |a Public administration   |z Malaysia \x Handbooks, manuals, etc. 
999 |a 0000006171   |b Monograph   |c Open Shelf   |e Default branch